000 00655nam a2200181 4500
008 170720b xxu||||| |||| 00| 0 eng d
020 _a0-205-14806-9
082 _21994
_aDC 371.950973
_bD29
100 _921352
_aDavis, Gary A., 1938-
245 _aEducation of the gifted and talented /
_cGary A. Davis, Sylvia B. Rimm
250 _aThird Edition
260 _aBoston :
_bAllyn and Bacon,
_c©1994.
300 _axv, 494 pages :
_billustrations ;
_c24 cm
500 _aIncludes bibliographical references and indexes.
650 0 _921353
_aGifted children -- Education -- United States
700 _921354
_aRimm, Sylvia B., 1935-
942 _2ddc
_cDC
999 _c7060
_d7060